000
00509nam a2200229 a 4500
001
3201
005
20140414131912.0
008
040201s19uu xx 00 eng d
050
_a
ER
_b
T14 1994
100
_a
Connelly, Neil
245
_a
A Tale told twice /
_c
Neil Connelly.
260
_b
Ottenheimer,
_c
1994.
300
_a
p. ; cm.
999
_c
111266
_d
111266